Regionálne disparity intenzity práce slovenských domácností v roku 2014

Analýza vzájomného vplyvu ekonomickej aktivity a kraja, v ktorom domácnosť žije, na intenzitu práce slovenských domácností (2014). Analýza vzájomného vplyvu ekonomickej aktivity a hustoty osídlenia územia, kde domácnosť žije, na intenzitu práce slovenských domácností.

Guardado en:
Detalles Bibliográficos
Autor principal: Šoltés, Erik, 1974-
Otros Autores: Kotlebová, Eva
Formato: Capítulo de libro
Lenguaje:eslovaco
Materias:
Etiquetas: Agregar Etiqueta
Sin Etiquetas, Sea el primero en etiquetar este registro!

MARC

LEADER 00000naa$a2200000$$$4500
001 0239059
005 20240502073853.9
041 0 |a slo 
044 |a SK 
245 1 0 |a Regionálne disparity intenzity práce slovenských domácností v roku 2014  |c Erik Šoltés, Eva Kotlebová 
520 |a Analýza vzájomného vplyvu ekonomickej aktivity a kraja, v ktorom domácnosť žije, na intenzitu práce slovenských domácností (2014). Analýza vzájomného vplyvu ekonomickej aktivity a hustoty osídlenia územia, kde domácnosť žije, na intenzitu práce slovenských domácností. 
610 2 0 |a intenzita práce 
610 2 0 |a domácnosti 
610 2 0 |a kraje 
610 2 0 |a hustota obyvateľstva 
610 2 0 |a analýza štatistická 
610 2 0 |a Slovensko 
100 1 |a Šoltés, Erik, 1974- 
700 1 |a Kotlebová, Eva